The best little whorehouse in Texas : (Record no. 1881)

MARC details
000 -LEADER
fixed length control field 02817cjm a2200637 i 4500
001 - CONTROL NUMBER
control field data
005 - DATE AND TIME OF LATEST TRANSACTION
control field 20260322212122.0
007 - PHYSICAL DESCRIPTION FIXED FIELD--GENERAL INFORMATION
fixed length control field data
008 - FIXED-LENGTH DATA ELEMENTS--GENERAL INFORMATION
fixed length control field data
035 ## - SYSTEM CONTROL NUMBER
System control number 23336668
010 ## - LIBRARY OF CONGRESS CONTROL NUMBER
LC control number 2023626841
024 1# - OTHER STANDARD IDENTIFIER
Standard number or code 030206211726
028 02 - PUBLISHER OR DISTRIBUTOR NUMBER
Publisher or distributor number 302 062 117 2
Source Fynsworth Alley/Varèse Sarabande
033 #0 - DATE/TIME AND PLACE OF AN EVENT
Geographic classification area code 4034
Geographic classification subarea code D2
035 ## - SYSTEM CONTROL NUMBER
System control number (OCoLC)47734052
Canceled/invalid control number (OCoLC)178622481
040 ## - CATALOGING SOURCE
Original cataloging agency WIQ
Language of cataloging eng
Description conventions rda
Transcribing agency WIQ
Modifying agency DLC
-- OCLCQ
-- BTCTA
-- OCLCG
-- DRB
-- OCLCG
-- OCLCF
-- OCLCO
-- OCLCQ
-- IOU
-- OCLCQ
-- OCLCO
-- TXKIP
-- OCLCQ
-- DLC
042 ## - AUTHENTICATION CODE
Authentication code lccopycat
043 ## - GEOGRAPHIC AREA CODE
Geographic area code n-us-tx
045 0# - TIME PERIOD OF CONTENT
Formatted 9999 B.C. through C.E. time period d1978
050 00 - LIBRARY OF CONGRESS CALL NUMBER
Classification number SDD 70382
082 04 - DEWEY DECIMAL CLASSIFICATION NUMBER
Classification number 782.1/4
Edition information 21
100 1# - MAIN ENTRY--PERSONAL NAME
Personal name Hall, Carol,
Dates associated with a name 1936-2018,
Relator term performer.
-- lyricist,
-- performer.
240 10 - UNIFORM TITLE
Uniform title Best little whorehouse in Texas
245 14 - TITLE STATEMENT
Title The best little whorehouse in Texas :
Remainder of title the new cast recording /
Statement of responsibility, etc. music and lyrics by Carol Hall ; book by Larry L. King and Peter Masterson.
264 #1 - PRODUCTION, PUBLICATION, DISTRIBUTION, MANUFACTURE, AND COPYRIGHT NOTICE
Place of production, publication, distribution, manufacture [United States] :
Name of producer, publisher, distributor, manufacturer Fynsworth Alley/Varèse Sarabande,
Date of production, publication, distribution, manufacture, or copyright notice [2001]
264 #2 - PRODUCTION, PUBLICATION, DISTRIBUTION, MANUFACTURE, AND COPYRIGHT NOTICE
Place of production, publication, distribution, manufacture Universal City, CA :
Name of producer, publisher, distributor, manufacturer Distributed by Universal Music & Video Distribution
264 #4 - PRODUCTION, PUBLICATION, DISTRIBUTION, MANUFACTURE, AND COPYRIGHT NOTICE
Date of production, publication, distribution, manufacture, or copyright notice ℗2001
300 ## - PHYSICAL DESCRIPTION
Extent 1 audio disc ;
Dimensions 4 3/4 in.
336 ## - CONTENT TYPE
Content type term performed music
Content type code prm
Source rdacontent
337 ## - MEDIA TYPE
Media type term audio
Media type code s
Source rdamedia
338 ## - CARRIER TYPE
Carrier type term audio disc
Carrier type code sd
Source rdacarrier
344 ## - SOUND CHARACTERISTICS
Type of recording digital
Source rdatr
344 ## - SOUND CHARACTERISTICS
Recording medium optical
Source rdarm
344 ## - SOUND CHARACTERISTICS
Playing speed 1.4 m/s
344 ## - SOUND CHARACTERISTICS
Configuration of playback channels stereo
Source rdacpc
347 ## - DIGITAL FILE CHARACTERISTICS
File type audio file
Source rdaft
347 ## - DIGITAL FILE CHARACTERISTICS
Encoding format HDCD
-- HDCD
500 ## - GENERAL NOTE
General note Title from disc label; statement of responsibility from container.
500 ## - GENERAL NOTE
General note Program notes and synopsis by Bert Fink (12 unnumbered pages : illustrations) inserted in container.
505 0# - FORMATTED CONTENTS NOTE
Formatted contents note 20 fans -- A lil' ole bitty pissant country place -- Girl, you're a woman -- Texas has a whorehouse in it -- Twenty-four hours of lovin' -- Doatsy Mae -- The Aggie song -- The bus from Amarillo -- Entr'acte -- The sidestep -- No lies -- Good old girl -- Hard candy Christmas -- A friend to me -- Finale -- Bonus track: A friend to me (performed by Carol Hall).
508 ## - CREATION/PRODUCTION CREDITS NOTE
Creation/production credits note Album produced by Bruce Kimmel.
511 0# - PARTICIPANT OR PERFORMER NOTE
Participant or performer note Ann-Margret, Gary Sandy, with supporting performers; instrumental ensemble (called the Hired Hand Band) ; Keith Levenson, keyboard, conductor.
518 ## - DATE/TIME AND PLACE OF AN EVENT NOTE
Other event information Recorded at
Place of event Dallas Sound Lab, Dallas, TX.
650 #0 - SUBJECT ADDED ENTRY--TOPICAL TERM
Topical term or geographic name entry element Musicals.
650 #7 - SUBJECT ADDED ENTRY--TOPICAL TERM
Topical term or geographic name entry element Musicals.
Source of heading or term fast
Authority record control number or standard number (OCoLC)fst01030814
655 #4 - INDEX TERM--GENRE/FORM
Genre/form data or focus term Musicals.
655 #7 - INDEX TERM--GENRE/FORM
Genre/form data or focus term Musicals.
Source of term lcgft
700 1# - ADDED ENTRY--PERSONAL NAME
Personal name King, Larry L.,
Relator term librettist.
700 1# - ADDED ENTRY--PERSONAL NAME
Personal name Masterson, Peter,
Relator term librettist.
700 0# - ADDED ENTRY--PERSONAL NAME
Personal name Ann-Margret,
Dates associated with a name 1941-
Relator term singer.
700 1# - ADDED ENTRY--PERSONAL NAME
Personal name Sandy, Gary,
Relator term singer.
700 1# - ADDED ENTRY--PERSONAL NAME
Personal name Levenson, Keith,
Relator term conductor.
-- conductor.
906 ## - LOCAL DATA ELEMENT F, LDF (RLIN)
a 7
b cbc
c copycat
d 2
e ncip
f 20
g y-soundrec
925 0# -
-- acquire
-- 2 shelf copies
-- policy default
Holdings
Withdrawn status Lost status Damaged status Not for loan Home library Current library Shelving location Date acquired Total checkouts Full call number Barcode Date last seen Price effective from Koha item type
        Troy Troy General stacks 22/03/2026   782.1/4 LOC-TPL-00013 22/03/2026 22/03/2026 Books